[Event "GRE-chT 44th"]
[Site "Achaia"]
[Date "2016.07.06"]
[Round "3.6"]
[White "Kolyvas Dimitrakarakos, Panagiot"]
[Black "Kokolakis, Panagiotis"]
[Result "1/2-1/2"]
[WhiteElo "1411"]
[BlackElo "1440"]
[PlyCount "120"]
[EventDate "2016.07.05"]
[EventType "team-swiss"]
[EventRounds "7"]
[EventCountry "GRE"]
[SourceTitle "CBM 173 Extra"]
[Source "ChessBase"]
[SourceDate "2016.08.29"]
[SourceVersion "1"]
[SourceVersionDate "2016.08.29"]
[SourceQuality "1"]
[WhiteTeam "Heraklion SO"]
[BlackTeam "Peiraikos PG"]
[WhiteTeamCountry "GRE"]
[BlackTeamCountry "GRE"]

1. c4 e6 2. Nc3 Nf6 3. d4 d5 4. Nf3 b6 5. e3 Bb7 6. Be2 Nbd7 7. b3 Be7 8. Bb2 0-0 9. 0-0 Rc8 10. Rc1 c5 11. Rc2 Nb8 12. Nb5 Nc6 13. Rc1 Re8 14. Re1 Nb4 15. Ne5 a6 16. Nc3 Ne4 17. Nxe4 dxe4 18. a3 Nc6 19. Nxc6 Bxc6 20. dxc5 bxc5 21. Bc3 Qb6 22. Qc2 Rb8 23. Rb1 Qb7 24. Red1 Red8 25. b4 Rxd1+ 26. Bxd1 Bd6 27. Qd2 Qd7 28. Be2 f6 29. Rd1 Rd8 30. bxc5 Bxc5 31. Qxd7 Rxd7 32. Rxd7 Bxd7 33. Bb4 Bb6 34. c5 Ba7 35. Bxa6 Bc6 36. Bc4 Kf7 37. Kf1 Ke7 38. Ke2 e5 39. Kd2 f5 40. Kc3 g5 41. Bg8 h5 42. Kc4 h4 43. Bd5 Kd7 44. Bc3 Bb8 45. Bxc6+ Kxc6 46. a4 f4 47. a5 g4 48. g3 fxg3 49. fxg3 hxg3 50. hxg3 Ba7 51. Bxe5 Bxc5 52. Bd4 Bd6 53. Bc3 Bxg3 54. Kd4 Bd6 55. Kxe4 g3 56. Kf3 Bb8 57. e4 Kb5 58. e5 g2 59. Kxg2 Bxe5 60. Bxe5 Kxa5 1/2-1/2